00488nam a22001817a 450000500170000001000140001702000110003103500130004203700130005508200080006810000180007624500540009426000410014827000630018930000320025250000190028470000030030320100806154617.0 aENG-98717 c425.00 aEN-82249 bDBAD/PUB a547 aPillai, C. N. aText book of organic chemistry /cby C. N. Pillai aHyderabad bUniversities Pressc2009 a3-6-747/1/A & 3-6-754/1, Himayatnagar bHyderabad e500029 avii, 632 p. c24 cm. (Pbk) aIncludes index